Sports Quiz

Random Sports or NCAA Quiz

NCAA Teams with No 1st Round Draft Picks Quiz Stats

 Plays Quiz not verified by Sporcle

Also try: NBA 50 Greatest
Challenge
Share
Tweet
Embed
Score 0/22 Timer 06:00
0 Plays Today
Conference Team % Correct
MACAkron Zips
79.4%
Mountain WestAir Force Falcons
75.7%
IndependentNavy Midshipmen
74.8%
Sun BeltGeorgia State Panthers
70.1%
C-USAFIU Panthers
69.2%
C-USANorth Texas Mean Green
66.4%
Sun BeltLouisiana-Lafayette Ragin' Cajuns
64.5%
MACKent State Golden Flashes
64.5%
Sun BeltNew Mexico State Aggies
61.7%
MACBall State Cardinals
59.8%
Sun BeltGeorgia Southern Eagles
58.9%
Conference Team % Correct
Sun BeltTexas State Bobcats
58.9%
C-USAUTSA Roadrunners
58.9%
Sun BeltArkansas State Red Wolves
57.9%
C-USAWestern Kentucky Hilltoppers
57.9%
C-USAMiddle Tennessee Blue Raiders
55.1%
Mountain WestUNLV Rebels
53.3%
C-USAFlorida Atlantic Owls
52.3%
Sun BeltSouth Alabama Jaguars
51.4%
Sun BeltAppalachian State Mountaineers
49.5%
C-USAOld Dominion Monarchs
49.5%
C-USACharlotte 49ers
43.9%

You're not logged in!

Compare scores with friends on all Sporcle quizzes.
Join for Free
OR
Log In

You Might Also Like...

Show Comments

Extras

Top Quizzes Today


Score Distribution

Your Account Isn't Verified!

In order to create a playlist on Sporcle, you need to verify the email address you used during registration. Go to your Sporcle Settings to finish the process.

Report this User

Report this user for behavior that violates our Community Guidelines.

Details: